000 00982nam a22002057a 4500
999 _c56921
_d56921
003 Ge_BSU
005 20191115150857.0
008 190620b2018 ge ||||| |||| 00| 0 geo d
020 _a9789941801334
041 _ageo
080 _a37.015(075.8) ბ-29
100 _aბასილაძე, ნოდარ.
_92673
245 _aპედაგოგიკა : (პედაგოგიკის ზოგადი საფუძვლები და აღზრდის თეორია) :
_b[სახელმძღვანელო] / ნოდარ ბასილაძე ; რედ. იური ბიბილეიშვილი.
264 _aბათუმი,
_c 2018.
300 _a392 გვ. ;
_c 21 სმ.
504 _aბიბლიოგრ. ტექსტის შენიშვნებში.
653 _aპედაგოგიკა
700 _aბიბილეიშვილი, იური
_9800
942 _2udc
_cBK